Comment on a laissé l'islamisme pénétrer l'école (notice n° 2192869)

détails MARC
000 -LEADER
fixed length control field 01376cam a2200133 4500500
005 - DATE AND TIME OF LATEST TRANSACTION
control field 20260405065039.0
041 ## - LANGUAGE CODE
Language code of text/sound track or separate title fre
042 ## - AUTHENTICATION CODE
Authentication code dc
100 10 - MAIN ENTRY--PERSONAL NAME
Personal name Obin, Jean-Pierre
Relator term author
245 00 - TITLE STATEMENT
Title Comment on a laissé l'islamisme pénétrer l'école
260 ## - PUBLICATION, DISTRIBUTION, ETC.
Name of publisher, distributor, etc. Hermann,<br/>
Date of publication, distribution, etc. 2020.<br/>
520 ## - SUMMARY, ETC.
Summary, etc. « J’ai écrit ce livre pour briser le silence qui règne sur la montée de l’islamisme, sur ses ravages parmi les jeunes et sur les dégâts qu’il provoque dans notre école publique. Pendant longtemps, le silence a été la seule réaction  : la célèbre formule “Surtout pas de vagues !” a permis pendant vingt  ans de mener une confortable politique de l’autruche.J’ai écrit ce livre parce que je suis attaché à la laïcité  : ce principe républicain nous protège et protège nos libertés, celle de croire ou de ne pas croire, celle de pratiquer librement un culte, celle de changer de conviction, celle de critiquer les religions ou l’absence de religion et, pour les parents, celle de confier leurs enfants à l’école publique sans crainte qu’ils y soient harcelés ou endoctrinés.J’ai écrit ce livre parce que le temps presse et qu’il y a maintenant urgence à  agir. » (J.-P.  Obin)
856 41 - ELECTRONIC LOCATION AND ACCESS
Uniform Resource Identifier <a href="https://shs.cairn.info/comment-on-a-laisse-l-islamisme-penetrer-l-ecole--9791037003799?lang=fr&redirect-ssocas=7080">https://shs.cairn.info/comment-on-a-laisse-l-islamisme-penetrer-l-ecole--9791037003799?lang=fr&redirect-ssocas=7080</a>

Pas d'exemplaire disponible.

PLUDOC

PLUDOC est la plateforme unique et centralisée de gestion des bibliothèques physiques et numériques de Guinée administré par le CEDUST. Elle est la plus grande base de données de ressources documentaires pour les Étudiants, Enseignants chercheurs et Chercheurs de Guinée.

Adresse

627 919 101/664 919 101

25 boulevard du commerce
Kaloum, Conakry, Guinée

Réseaux sociaux

Powered by Netsen Group @ 2025